Zwischen zwei Meeren (Record no. 5911)
[ view plain ]
| 000 -CABECERA | |
|---|---|
| campo de control de longitud fija | 00539nam a2200205 a 4500 |
| 001 - NÚMERO DE CONTROL | |
| campo de control | BRCA_6224 |
| 005 - FECHA Y HORA DE LA ÚLTIMA TRANSACCIÓN | |
| campo de control | 20190320205357.0 |
| 008 - DATOS DE LONGITUD FIJA--INFORMACIÓN GENERAL | |
| campo de control de longitud fija | 190711s1920----gw-ac#####---#000-0#ger-# |
| 041 ## - CÓDIGO DE LENGUA | |
| Código de lengua del texto/banda sonora o título independiente | ger |
| 044 ## - CÓDIGO DEL PAÍS DE LA ENTIDAD EDITORA/PRODUCTORA | |
| Código MARC del país | gw |
| 050 #4 - SIGNATURA TOPOGRÁFICA DE LA BIBLIOTECA DEL CONGRESO | |
| Número de clasificación | PT4832 |
| Número de documento/Ítem | .B64 1920 |
| 100 1# - ENTRADA PRINCIPAL--NOMBRE DE PERSONA | |
| Nombre de persona | Bodewadt, Jacob |
| Fechas asociadas al nombre | 1883- |
| 9 (RLIN) | 15640 |
| 245 10 - MENCIÓN DE TÍTULO | |
| Título | Zwischen zwei Meeren |
| Mención de responsabilidad, etc. | Jacob Bodewadt. |
| 260 ## - PUBLICACIÓN, DISTRIBUCIÓN, ETC. | |
| Lugar de publicación, distribución, etc. | Braunschweig |
| Nombre del editor, distribuidor, etc. | G. Westermann |
| Fecha de publicación, distribución, etc. | c1920 |
| 300 ## - DESCRIPCIÓN FÍSICA | |
| Extensión | 483 p. |
| Otras características físicas | il. (algunas a color) |
| Dimensiones | 21 cm. |
| 500 ## - NOTA GENERAL | |
| Nota general | K84 |
| 650 14 - PUNTO DE ACCESO ADICIONAL DE MATERIA--TÉRMINO DE MATERIA | |
| Término de materia o nombre geográfico como elemento de entrada | Literatura Alemana |
| 9 (RLIN) | 6160 |
| 902 ## - CATALOGADOR | |
| Iniciales | GFM |
| 942 ## - ELEMENTOS DE PUNTO DE ACCESO ADICIONAL (KOHA) | |
| Fuente del sistema de clasificación o colocación | Library of Congress Classification |
| Tipo de ítem Koha | Libros |
| Estado de retiro | Estado de pérdida | Estado dañado | No para préstamo | Localización permanente | Ubicación/localización actual | Fecha de adquisición | Número de inventario | Total de préstamos | Signatura topográfica completa | Código de barras | Fecha visto por última vez | Precio válido a partir de | Tipo de ítem Koha |
|---|---|---|---|---|---|---|---|---|---|---|---|---|---|
| El ejemplar forma parte de la colección y puede ser consultado según las políticas vigentes. | Biblioteca del Museo Franz Mayer (Rogerio Casas-Alatriste) | Biblioteca del Museo Franz Mayer (Rogerio Casas-Alatriste) | 19/07/2011 | K84 | PT4832 .B64 1920 (K84) | 6663 | 22/03/2019 | 22/03/2019 | Libros |